000 00660nam a22001937a 4500
003 OSt
005 20250621023138.0
008 250621b |||||||| |||| 00| 0 eng d
020 _a978-621-406-136-5
040 _aDWCL - Main lib
_cOC
082 _aFil. 530 R456g 2018
100 _aReyes, Chritopher G.
245 _a General physics 1 :
_bfor stem strand senior high school specialized subject/
_cChristopher G. Reyes
260 _aIntramuros Manila :
_b Mindshapers co. ,
_c c2018.
300 _a xiii , 123 pages :
_b illustration ;
_c25cm.
504 _aIncludes bibliographical references
650 _aPhysics
942 _2ddc
_cBK - FIL
_kFil.
_n0
999 _c3214
_d3214